Science Quiz

Random Science Quiz
Score 0/10 Timer 05:00
0 Plays Today
type of coping mechanism Trend % Correct
moving towards peopleaffection and approval
66.7%
moving against peoplesocial recognition
66.7%
moving against peoplepersonal admiration
33.3%
moving away from peopleself-sufficiency and independence
33.3%
moving away from peopleperfection and unassailability
33.3%
moving towards peoplepartner to take over one's life
22.2%
moving against peoplepower and control over others
22.2%
moving against peopleexploit others and get the better of them
22.2%
moving against peopleambition and personal achievement
22.2%
moving towards peoplerestrict life within narrow borders
11.1%
Come Together.
Have Fun.
All Virtual.
We all need to come together. Play Sporcle's virtual live trivia to have fun, connect with people, and get your trivia on. Join a live hosted trivia game for your favorite pub trivia experience done virtually. If a virtual private party is more your thing, go here for details.

You're not logged in!

Compare scores with friends on all Sporcle quizzes.
OR
Log In

Sporcle TV

Today on Sporcle TV


Watch our educational content, quiz creation guides, and fun videos on Sporcle TV.

Show Comments

Extras

Created Feb 15, 2011ReportNominate
Tags:mechanism, trend

Top Quizzes Today


Score Distribution

Paid Content

Your Account Isn't Verified!

In order to create a playlist on Sporcle, you need to verify the email address you used during registration. Go to your Sporcle Settings to finish the process.

Report this User

Report this user for behavior that violates our Community Guidelines.

Details: